Liverpool or Manchester City - Statistics

General Stats
  • This quiz has been taken 435 times
  • The average score is 11 of 15
Answer Stats
Question Answer % Correct
Yaya Toure Man City
97%
Kyle Walker Man City
91%
Peter Crouch Liverpool
90%
Raheem Sterling Both
88%
Adrian Liverpool
88%
Micheal Owen Liverpool
84%
Liam Delap Man City
83%
Joe Hart Man City
81%
Micah Richards Man City
78%
Ben Mendy Man City
75%
Kolo Toure Both
62%
Nicholas Anelka Both
62%
Gavin Banuzu Man City
58%
Adam Lewis Liverpool
57%
Emile Heskey Liverpool
53%
No matching quizzes found
Score Distribution
Percent of People with Each Score
Percentile by Number Answered
Your Score History
You have not taken this quiz